| 000 | 00628nam a2200193 i 4500 | ||
|---|---|---|---|
| 001 | 29424 | ||
| 003 | ES-MaACL | ||
| 005 | 20230906154031.0 | ||
| 007 | t| | ||
| 008 | 030121s1973 sp ||||1| spa d | ||
| 100 | 1 |
_aBarre, Raymond. _925875 |
|
| 245 | 1 | 0 |
_aEconomía política / _cpor Raymond Barre ; prólogo de Fabián Estapé ; traducción de José Ignacio García Lomas. |
| 250 | _a[7ª ed.]. | ||
| 260 |
_aBarcelona, etc. : _bAriel, _c[1973] |
||
| 300 |
_a2 v. ; _c23 cm. |
||
| 700 | 1 |
_aEstapé, Fabián ( _d1923-2012) _948011 |
|
| 700 | 1 |
_aGarcía Lomas, José Ignacio. _954833 |
|
| 852 |
_aES-MaACL _jC-55448-9 _bR.88106 |
||
| 999 |
_c29424 _d29424 |
||